Formel 1 Podium 1969 - Statistiken

Allgemein
  • Dieses Quiz wurde 38 mal gespielt
  • Das Durchschnittsergebnis liegt bei 8 aus 12
Antwortstatistiken
Antwort % Korrekt
Jackie Stewart
100%
Jochen Rindt
95%
Denny Hulme
86%
Graham Hill
86%
Jack Brabham
86%
Bruce Mclaren
68%
Jacky Ickx
68%
John Surtees
50%
Chris Amon
45%
Jean-Pierre Beltoise
45%
Joseph Siffert
41%
Piers Courage
23%
Keine übereinstimmenden Quizze gefunden
Verteilung der Resultate
Anzahl Personen mit jedem Resultat
Perzentil nach korrekt beantworteten Fragen
Ihre Resultats-Entwicklung
Sie haben dieses Quiz noch nicht gespielt